| 000 | 01858cam a2200385 a 4500 | ||
|---|---|---|---|
| 001 | 758943042 | ||
| 003 | OCoLC | ||
| 005 | 20150408114109.0 | ||
| 008 | 110509s2012 enka b 001 0 eng | ||
| 020 | _a9780335240845 (pbk.) | ||
| 020 | _a0335240844 (pbk.) | ||
| 020 | _a9780335240852 (eISBN) | ||
| 020 | _a0335240852 (eISBN) | ||
| 040 |
_aNLM _beng _cNLM _dOTZ _dKSU _dUtOrBLW |
||
| 042 | _apcc | ||
| 050 | 4 |
_aRC954 _b.N87 2012 |
|
| 060 | 0 | 0 | _a2011 J-549 |
| 060 | 1 | 0 | _aWY 152 |
| 082 |
_a610.73 _bNUO |
||
| 245 | 0 | 0 |
_aNursing older adults / _cedited by Jan Reed, Charlotte L. Clarke, Ann Macfarlane. |
| 260 |
_aMaidenhead : _bOpen University Press/McGraw Hill, _c2012. |
||
| 300 |
_axvii, 297 p. : _bill. ; _ccm. |
||
| 504 | _aIncludes bibliographical references and index. | ||
| 520 | _aAll nurses working with adults need a good understanding of the needs of older patients and the potential complexities of planning their care. This new textbook comes from experts in the field and gives adult nurses the principles and practice insights that they need to deliver exceptional care in partnership with older adults. | ||
| 520 | _aAll nurses working with adults need a good understanding of the needs of older patients and the potential complexities of planning their care. This new textbook comes from experts in the field and gives adult nurses the principles and practice insights that they need to deliver exceptional care in partnership with older adults. | ||
| 650 | 1 | 2 |
_aNursing Care _xmethods. |
| 650 | 2 | 2 |
_aAged _xpsychology. _919334 |
| 650 | 2 | 2 |
_aGeriatric Nursing _xmethods. _919335 |
| 650 | 2 | 2 |
_aHealth Services for the Aged. _919336 |
| 650 | 0 |
_aGeriatric nursing. _919337 |
|
| 700 | 1 |
_aReed, Jan. _919338 |
|
| 700 | 1 |
_aClarke, Charlotte L. _q(Charlotte Laura) _919339 |
|
| 700 | 1 |
_aMacfarlane, Ann. _919340 |
|
| 942 |
_2ddc _cDVD |
||
| 999 |
_c26744 _d261244 |
||